Statistics for Kpop group names

Click here to take the quiz!

General Stats

  • This quiz has been taken 4,827 times
  • The average score is 9 of 15

Answer Stats

HintAnswer% Correct
JungkookBTS
99%
AmberF(X)
89%
BamBamGOT7
82%
SanaTwice
82%
TaeminSHINEE
79%
BobbyIKON
73%
DinoSEVENTEEN
72%
I.MMonsta x
69%
DaesungBig Bang
63%
LeoVixx
56%
LInfinite
54%
ZeloB.A.P
38%
TaeilBlock B
38%
MinMiss A
26%
AknowAFOS
2%

Score Distribution

Percentile by Number Answered

Percent of People with Each Score

Your Score History

You have not taken this quiz